000 00947nas a22002057a 4500
001 K121119
007 ta
008 190930b2019 ||||| |||| 00| 0 eng d
041 _aeng
100 _aMaslan, Cherry
245 _aFive big questions on diversity
260 _c2019
490 _aRICS Modus
_vSeptember 2019, 28-32(5)
520 _aFive RICS members look at how to address the five main diversity issues facing the surveying profession. Amanda Clack looks at why women are still under-represented; Sharon Slinger looks at what we can do to make the industry an easier place for LGBT people; David Ghannoum looks at how to close the gender pay gap; Bola Abisogun addresses why it is important for BAME professionals to have role models in senior positions and Andrew Wright examines the role diversity plays in teams.
650 _adiversity
650 _aLGBT
650 _awomen
650 _aBAME
651 _aUnited Kingdom
999 _c121119
_d121119